Culture Générale - Série 968 - Statistiques

Statistiques générales
  • Ce quiz a été pris 102 fois
  • Le résultat moyen est 5 sur 10
Statistiques - réponses
Question Réponse % Correct
Quel est le prénom du père de la styliste Stella McCartney ? Paul
90%
Quel félidé domestique peut véhiculer la toxoplasmose ? chat
89%
Quel artiste a peint le “Déjeuner sur l'herbe”, qui a fait scandale en 1863 ? Édouard Manet
84%
Dans quel pays se trouvent les mythiques studios de Cinecittà ? Italie
79%
Comment se nomme le doyen du village d'Astérix ? Agecanonix
66%
Quelle ville espagnole abrite un musée Guggenheim ? Bilbao
54%
Qui est l'auteur des vers : “Lorsque l'enfant paraît, le cercle de famille applaudit à grands cris.” ? Victor Hugo
35%
On surnomme la "pinne" : "jambonneau de mer", c'est un ... coquillage
22%
Quel réalisateur a réuni Coluche et Richard Anconina dans "Tchao Pantin", en 1983 ? Claude Berri
18%
En Russie, qu'est-ce qu'une télègue ? charrette
4%
Aucun quiz correspondant
Distribution des résultats
% des personnes avec chaque résultat
Percentile par nombre de réponses
Votre historique - résultats
Vous n’avez pas pris ce quiz